| 000 | 00696nam a2200229 u 4500 | ||
|---|---|---|---|
| 005 | 20240228064109.0 | ||
| 008 | 121109s2007 r 000 0 eng d | ||
| 020 | _a8496646179 | ||
| 035 | _aUPN01000188337 | ||
| 049 | _aI | ||
| 050 | 4 |
_aPZ38 _bO4.8 |
|
| 100 | 1 |
_aOlten, Manuela _932854 |
|
| 245 | 1 | 0 |
_aVerdaderos amigos / _cManuela Olten ; tr. Roberto M. Serrano. |
| 260 |
_aMadrid : _bLóguez, _c2007. |
||
| 300 |
_a[26] p. : _bprincipalmente il. col. |
||
| 534 |
_pTítulo original: _tWahre Freunde |
||
| 650 | 0 |
_aLiteratura infantil alemana _99171 |
|
| 650 | 7 |
_aAmistad entre niños _2 _94319 |
|
| 650 | 4 |
_aLibros y lectura para niños _92290 |
|
| 905 | _aInfantil | ||
| 999 |
_c160440 _d160440 |
||